Iran on the brink : rising workers and threats of war / (Record no. 8804)

MARC details
000 -LEADER
fixed length control field 01121nac a22002891u 4500
010 ## - LIBRARY OF CONGRESS CONTROL NUMBER
LC control number 013552701
020 ## - INTERNATIONAL STANDARD BOOK NUMBER
International Standard Book Number 9780745326047
022 ## - INTERNATIONAL STANDARD SERIAL NUMBER
International Standard Serial Number 0745326048 (hbk.)
082 ## - DEWEY DECIMAL CLASSIFICATION NUMBER
Classification number 320.955
Item number MAL
090 ## - LOCALLY ASSIGNED LC-TYPE CALL NUMBER (OCLC); LOCAL CALL NUMBER (OCLC)
-- 8804
-- 8804
100 ## - MAIN ENTRY--PERSONAL NAME
Personal name Malm, Andreas,
245 ## - TITLE STATEMENT
Title Iran on the brink : rising workers and threats of war /
Statement of responsibility, etc Andreas Malm and Shora Esmailian.
260 ## - PUBLICATION, DISTRIBUTION, ETC. (IMPRINT)
Place of publication, distribution, etc London :
Name of publisher, distributor, etc Pluto, C.2007.
Date of publication, distribution, etc C.2007.
300 ## - PHYSICAL DESCRIPTION
Extent xix, 262 p. :
Other physical details ill., maps ;
Dimensions 23 cm.
500 ## - GENERAL NOTE
General note Formerly CIP. Uk
500 ## - GENERAL NOTE
General note Distributer: Baccah.
504 ## - BIBLIOGRAPHY, ETC. NOTE
Bibliography, etc Includes bibliographical references (p. 249-253) and index.
511 ## - PARTICIPANT OR PERFORMER NOTE
Participant or performer note Catalogued By: Mahitab.
650 ## - SUBJECT ADDED ENTRY--TOPICAL TERM
Topical term or geographic name as entry element Working class -- Iran -- History.
650 ## - SUBJECT ADDED ENTRY--TOPICAL TERM
Topical term or geographic name as entry element Labor unions -- Iran -- Political activity.
650 ## - SUBJECT ADDED ENTRY--TOPICAL TERM
Topical term or geographic name as entry element Labor movement -- Iran -- Political activity.
650 ## - SUBJECT ADDED ENTRY--TOPICAL TERM
Topical term or geographic name as entry element Iran -- Politics and government -- 1997-
650 ## - SUBJECT ADDED ENTRY--TOPICAL TERM
Topical term or geographic name as entry element Iran -- Foreign relations -- 1997-
700 ## - ADDED ENTRY--PERSONAL NAME
Personal name Esmailian, Shora.
942 ## - ADDED ENTRY ELEMENTS (KOHA)
Item type Book - Borrowing
Call number prefix 320.955 MAL
Holdings
Withdrawn status Item status Damaged status Not for loan Home library Current library Shelving location Date acquired Source of acquisition Total Checkouts Total Renewals Full call number Barcode Date last seen Date last borrowed Koha item type
        Central Library Central Library First floor 25/03/2008 Purchase 8 13 320.955 MAL 000010713 15/07/2025 29/03/2016 Book - Borrowing